Sociální sondy do reformy. Co přinese zdravotní pojištění.
Od 1. januára 1992 bude zdravie financované prostredníctvom Všeobecnej zdravotnej poisťovne. Odpovede na otázky prečo sa musel meniť systém financovania zdravotníctva, ako sa budú jednotlivé výkony oceňovať, ako sa zabezpečia príjmy pre Všeobecnú zdravotnú poisťovňu. Problematika uzatvárania zmlúv p...
Gespeichert in:
| 1. Verfasser: | |
|---|---|
| Weitere Verfasser: | , |
| Format: | Buchkapitel |
| Sprache: | Tschechisch |
| Schlagworte: | |
| Tags: |
Keine Tags, Fügen Sie das erste Tag hinzu!
|
MARC
| LEADER | 00000naa a2200000 4500 | ||
|---|---|---|---|
| 001 | r006698 | ||
| 005 | 20221125075659.4 | ||
| 041 | 0 | |a cze | |
| 044 | |a [CS] | ||
| 245 | 1 | 0 | |a Sociální sondy do reformy. |b Co přinese zdravotní pojištění. |c D. Singerová, M. Jelínková, A. Červenková |
| 520 | |a Od 1. januára 1992 bude zdravie financované prostredníctvom Všeobecnej zdravotnej poisťovne. Odpovede na otázky prečo sa musel meniť systém financovania zdravotníctva, ako sa budú jednotlivé výkony oceňovať, ako sa zabezpečia príjmy pre Všeobecnú zdravotnú poisťovňu. Problematika uzatvárania zmlúv pri prechode na nový systém. | ||
| 610 | 2 | 0 | |a poistenie nemocenské |
| 610 | 2 | 0 | |a ČSFR |
| 610 | 2 | 0 | |a 1992 |
| 610 | 2 | 0 | |a financie verejné |
| 610 | 2 | 0 | |a zdravotníctvo |
| 100 | 1 | |a Singerová, D. | |
| 700 | 1 | |a Jelínková, Martina | |
| 700 | 1 | |a Červenková, A. | |